00666nam a22002177a 450000500170000001000110001702000210002803500110004903700160006004000120007608200160008824500700010426000440017427000500021830000250026849000430029350000500033665000220038665000190040870000210042720170124105931.0 a869905 c00.00a070694834 a869905 bCen Lib/Ret aDPLbEN a309.54bCOH aCohesion and conflict in modern India /cedited by Giri Raj Gupta aNew DelhibVikas Publishing Housec1978 a5, Ansari Road, Darya GanjbNew Delhie110002 axxii,324p.c21cm(Hb) aMain currents in Indian sociologyvIII aIncludes bibliographical references and index aPolitical science aSocial history aGupta, Giri Raj